| 000 -LEADER |
| fixed length control field |
00416nam a22001457a 4500 |
| 020 ## - INTERNATIONAL STANDARD BOOK NUMBER |
| ISBN |
0802804225 |
| 050 ## - LIBRARY OF CONGRESS CALL NUMBER |
| Classification number |
BV2061 |
| 100 ## - MAIN ENTRY--AUTHOR NAME |
| Personal name |
Dayton, Edward R. and Fraser, David A. |
| 245 ## - TITLE STATEMENT |
| Title |
Planning strategies for world evangelization |
| 250 ## - EDITION STATEMENT |
| Edition statement |
re ed |
| 260 ## - PUBLICATION, DISTRIBUTION, ETC. (IMPRINT) |
| Place of publication |
Gand Rapid, Michigan |
| Name of publisher |
Wm. B. Eerdmans Publishing co. |
| Year of publication |
1990 |
| 300 ## - PHYSICAL DESCRIPTION |
| Number of Pages |
349p.; |
| 942 ## - ADDED ENTRY ELEMENTS (KOHA) |
| Koha item type |
Books |
| 988 ## - PAGINATION/EXTENT |
| PAGINATION/EXTENT |
349p.;bibliographic references and index |